| 000 | 00803nam a2200253 a 4500 | ||
|---|---|---|---|
| 001 | BRCA_5518 | ||
| 005 | 20190320205120.0 | ||
| 008 | 040211s1943----u--a######---#000-0#eng-# | ||
| 041 | _aeng | ||
| 044 | _au | ||
| 050 | 4 |
_aNK2135 _b.H36 1 _c1943 |
|
| 245 | 1 | 0 |
_aHandbook to the European rooms in miniature by Mrs. James Ward Thorne _cforeword and text by Meyric R. Rogers, photo by Ralston - Hughes. |
| 250 | _a2 | ||
| 260 |
_aChicago, Illinois _bArt Institute of Chicago _cc1943 |
||
| 300 |
_a1 v. (sin paginación) _bil., 31 fotografías _c18 cm. |
||
| 500 | _aEjemplar igual a U105 | ||
| 500 | _aE48 | ||
| 650 | 1 | 4 |
_aDecoración y ornamentación _93592 |
| 650 | 1 | 4 |
_aMaquetas _914096 |
| 700 | 1 |
_aRogers, Meyric R. _914097 |
|
| 700 | 1 |
_aHughes, Ralston _914098 |
|
| 902 | _aGFM | ||
| 942 |
_2lcc _cB |
||
| 999 |
_c5212 _d5212 |
||